[Event "Oberliga Nord W 1718"]
[Site "Germany"]
[Date "2017.11.12"]
[Round "3.5"]
[White "Juhnke, Karl"]
[Black "Hoerstmann, Rudi"]
[Result "1/2-1/2"]
[WhiteElo "2142"]
[BlackElo "2227"]
[PlyCount "82"]
[EventDate "2017.10.08"]
[EventType "team-tourn"]
[EventRounds "9"]
[EventCountry "GER"]
[SourceTitle "EXT 2019"]
[Source "ChessBase"]
[SourceDate "2018.10.10"]
[SourceVersion "1"]
[SourceVersionDate "2018.10.10"]
[SourceQuality "1"]
[WhiteTeam "Bremer SG"]
[BlackTeam "Liste Turm"]
[WhiteTeamCountry "GER"]
[BlackTeamCountry "GER"]

1. d4 Nf6 2. c4 e6 3. Nc3 Bb4 4. e3 c5 5. Bd3 Nc6 6. Nge2 cxd4 7. exd4 d5 8. 0-0 dxc4 9. Bxc4 0-0 10. a3 Be7 11. Be3 b6 12. Qd3 Bb7 13. Rfd1 Rc8 14. Rac1 Nd5 15. Nxd5 exd5 16. Ba2 Qd7 17. b4 Nb8 18. Nc3 Ba6 19. b5 Bb7 20. a4 Qd6 21. Ra1 Nd7 22. Bd2 Rfe8 23. Bb3 Bd8 24. Ne2 Nf6 25. f3 Nd7 26. Ng3 g6 27. Re1 Bf6 28. Rxe8+ Rxe8 29. Re1 Rxe1+ 30. Bxe1 Qa3 31. Ne2 Nf8 32. Bc2 Qe7 33. Kf2 Ne6 34. Bd2 Qc7 35. g3 Qc8 36. Bb3 Qd7 37. Be3 Qd6 38. Qc3 Qa3 39. Bc1 Qd6 40. Be3 Kg7 41. Nf4 Nf8 1/2-1/2

[Event "Oberliga Nord W 1516"]
[Site "Germany"]
[Date "2016.03.13"]
[Round "8.3"]
[White "Juhnke, Karl"]
[Black "Petzold, Golo"]
[Result "0-1"]
[WhiteElo "2158"]
[BlackElo "2259"]
[PlyCount "118"]
[EventDate "2015.09.20"]
[EventType "team-tourn"]
[EventRounds "9"]
[EventCountry "GER"]
[SourceTitle "EXT 2017"]
[Source "ChessBase"]
[SourceDate "2016.10.25"]
[SourceVersion "1"]
[SourceVersionDate "2016.10.25"]
[SourceQuality "1"]
[WhiteTeam "Bremer SG"]
[BlackTeam "Goettingen Tempo"]
[WhiteTeamCountry "GER"]
[BlackTeamCountry "GER"]

1. d4 d5 2. c4 e6 3. Nc3 Nf6 4. cxd5 exd5 5. Bg5 c6 6. e3 Bf5 7. Qf3 Bg6 8. Bxf6 Qxf6 9. Qxf6 gxf6 10. Nge2 Nd7 11. h4 Bd6 12. Nc1 a5 13. Nd3 a4 14. Rc1 h6 15. Be2 Ke7 16. h5 Bh7 17. g3 Ra5 18. Rh4 Rg8 19. Nf4 f5 20. Bd3 Nf6 21. Be2 Ne4 22. Nxe4 fxe4 23. a3 Bf5 24. Kd2 Bd7 25. Bf1 Rg5 26. Ne2 Bg4 27. Bh3 Bxe2 28. Kxe2 Rb5 29. Rc2 Bxg3 30. Rg4 Rxg4 31. Bxg4 Bd6 32. Kf1 Ra5 33. Bc8 Ra7 34. Kg2 Kd8 35. Bf5 Ra8 36. f3 exf3+ 37. Kxf3 Ke7 38. Rg2 Kf6 39. Bc2 Be7 40. e4 dxe4+ 41. Kxe4 Ra5 42. Rf2+ Ke6 43. Bd1 Bg5 44. Bg4+ Ke7 45. Rc2 Rb5 46. Bc8 Kd6 47. Rf2 Ke7 48. Rc2 Kd6 49. Rf2 f6 50. Rc2 Rb3 51. Kf5 Rb5+ 52. Ke4 Kc7 53. Be6 Kb6 54. Bf5 Rb3 55. Be6 Re3+ 56. Kf5 Kc7 57. Bf7 Kd6 58. Rf2 Re7 59. Bg8 Be3 0-1

[Event "Oberliga Nord W 1516"]
[Site "Germany"]
[Date "2015.10.11"]
[Round "2.5"]
[White "Stock, Joerg"]
[Black "Juhnke, Karl"]
[Result "0-1"]
[WhiteElo "2198"]
[BlackElo "2158"]
[PlyCount "65"]
[EventDate "2015.09.20"]
[EventType "team-tourn"]
[EventRounds "9"]
[EventCountry "GER"]
[SourceTitle "CBM 170 Extra"]
[Source "ChessBase"]
[SourceDate "2016.02.25"]
[SourceVersion "1"]
[SourceVersionDate "2016.02.25"]
[SourceQuality "1"]
[WhiteTeam "Hellern"]
[BlackTeam "Bremer SG"]
[WhiteTeamCountry "GER"]
[BlackTeamCountry "GER"]

1. e4 c5 2. Nf3 d6 3. d4 cxd4 4. Nxd4 Nf6 5. Nc3 a6 6. Bg5 e6 7. f4 Be7 8. Qf3 Qc7 9. 0-0-0 Nbd7 10. g4 b5 11. Bxf6 Nxf6 12. g5 Nd7 13. f5 Nc5 14. f6 gxf6 15. gxf6 Bf8 16. Rg1 b4 17. Nd5 exd5 18. exd5 Bd7 19. Re1+ Kd8 20. Rg7 h5 21. Kb1 Bg4 22. Qe3 Qd7 23. h3 Bxg7 24. fxg7 Rg8 25. hxg4 Kc7 26. Qg5 Rae8 27. Rxe8 Qxe8 28. Be2 hxg4 29. Qxg4 Qe4 30. Qxe4 Nxe4 31. Nf5 Re8 32. Bxa6 Ng3 33. Ne7 0-1

[Event "Oberliga Nord W 1314"]
[Site "Germany"]
[Date "2013.12.15"]
[Round "4.4"]
[White "Juhnke, Karl"]
[Black "Ljubarskij, Jurij"]
[Result "1/2-1/2"]
[WhiteElo "2136"]
[BlackElo "2320"]
[PlyCount "87"]
[EventDate "2013.10.13"]
[EventType "team-tourn"]
[EventRounds "9"]
[EventCountry "GER"]
[SourceTitle "EXT 2015"]
[Source "ChessBase"]
[SourceDate "2014.11.20"]
[SourceVersion "1"]
[SourceVersionDate "2014.11.20"]
[SourceQuality "1"]
[WhiteTeam "Bremer SG"]
[BlackTeam "Hannover"]
[WhiteTeamCountry "GER"]
[BlackTeamCountry "GER"]

1. d4 d5 2. c4 c6 3. Nc3 Nf6 4. e3 e6 5. Nf3 Nbd7 6. Bd3 dxc4 7. Bxc4 b5 8. Bd3 a6 9. e4 c5 10. d5 exd5 11. e5 Ng4 12. Bg5 Be7 13. Bxe7 Qxe7 14. Nxd5 Qd8 15. 0-0 0-0 16. Re1 Bb7 17. Bf5 Nh6 18. Be4 Rb8 19. Qd3 c4 20. Qd4 Bxd5 21. Bxd5 Nb6 22. Rad1 Nxd5 23. Qxd5 Qxd5 24. Rxd5 Rfd8 25. Red1 Rxd5 26. Rxd5 Nf5 27. g4 Ne7 28. Rd6 Ra8 29. Nd4 Ng6 30. Nc6 Kf8 31. Kg2 Re8 32. h3 Nxe5 33. Nxe5 Rxe5 34. Kf1 Re6 35. Rd7 g5 36. Rd5 h6 37. Rc5 Ke7 38. Rc7+ Kf6 39. a4 Rb6 40. axb5 axb5 41. Rc5 Ke6 42. Ke2 Kd6 43. Rf5 Ke6 44. Rc5 1/2-1/2

[Event "Oberliga Nord W 1213"]
[Site "Germany"]
[Date "2013.04.14"]
[Round "9.5"]
[White "Juhnke, Karl"]
[Black "Steingraeber, Kai Uwe"]
[Result "1/2-1/2"]
[WhiteElo "2146"]
[BlackElo "2114"]
[PlyCount "208"]
[EventDate "2012.10.14"]
[EventType "team-tourn"]
[EventRounds "9"]
[EventCountry "GER"]
[SourceTitle "EXT 2014"]
[Source "ChessBase"]
[SourceDate "2013.11.20"]
[SourceVersion "1"]
[SourceVersionDate "2013.11.20"]
[SourceQuality "1"]
[WhiteTeam "Bremer SG"]
[BlackTeam "Delmenhorst"]
[WhiteTeamCountry "GER"]
[BlackTeamCountry "GER"]

1. d4 d5 2. c4 c6 3. Nc3 Nf6 4. e3 Bf5 5. cxd5 cxd5 6. Qb3 Bc8 7. Nf3 e6 8. Bd3 Nc6 9. a3 Bd6 10. Qc2 0-0 11. b4 Bd7 12. Bb2 Rc8 13. Qb3 a6 14. Na4 Ne4 15. Nc5 Bxc5 16. dxc5 f5 17. g3 a5 18. Ne5 Nxe5 19. Bxe5 b6 20. Ba6 bxc5 21. Bxc8 Bxc8 22. bxc5 Nxc5 23. Qc3 Ne4 24. Qc7 Qxc7 25. Bxc7 Ba6 26. Rc1 Bc4 27. Rb1 a4 28. f3 Nc3 29. Ra1 Rc8 30. Be5 Nb5 31. Kd2 Bb3 32. Rhc1 Rc4 33. Rxc4 dxc4 34. Bc3 Kf7 35. e4 fxe4 36. fxe4 Kg6 37. Bb4 Kf6 38. Bc3+ Kg6 39. Be5 h5 40. Bb2 Nd6 41. Ke3 Nb5 42. Rc1 Kg5 43. h3 g6 44. Kf3 e5 45. Bxe5 Nxa3 46. Bg7 h4 47. g4 Nc2 48. e5 Nd4+ 49. Ke3 Ne6 50. Bf6+ Kh6 51. Bxh4 a3 52. Be1 Kg7 53. h4 Nc7 54. Bc3 a2 55. Kd2 Kf7 56. Rf1+ Ke7 57. h5 gxh5 58. gxh5 Ne6 59. h6 Ng5 60. Rf4 Ke6 61. Ke3 Bc2 62. Rxc4 Nf7 63. Rc6+ Kd5 64. Ra6 Bb1 65. h7 Bxh7 66. Rxa2 Bf5 67. Kf4 Bd7 68. Rd2+ Ke6 69. Rb2 Kd5 70. Rb6 Be6 71. Bb2 Bd7 72. Rb4 Nd8 73. Rd4+ Ke6 74. Rd6+ Ke7 75. Rf6 Be6 76. Ba3+ Kd7 77. Rh6 Nf7 78. Rh7 Ke8 79. Rg7 Kd7 80. Ke4 Kc6 81. Kd4 Nd8 82. Be7 Nf7 83. Bf6 Nh6 84. Ke4 Nf7 85. Kf4 Kd7 86. Kg3 Kc6 87. Kh4 Kd5 88. Rg8 Ke4 89. Re8 Kf5 90. Re7 Nxe5 91. Bxe5 Kxe5 92. Kg5 Kd6 93. Kf6 Bd5 94. Re1 Bf3 95. Re3 Bg2 96. Rd3+ Bd5 97. Rd2 Kc5 98. Ke5 Bb3 99. Rd8 Kc4 100. Rc8+ Kd3 101. Rc5 Bg8 102. Rc6 Bf7 103. Rf6 Bg8 104. Rf3+ Kc4 1/2-1/2

[Event "Oberliga Nord W 1112"]
[Site "Germany"]
[Date "2011.10.02"]
[Round "1.4"]
[White "Barlag, Christoph"]
[Black "Juhnke, Karl"]
[Result "1/2-1/2"]
[WhiteElo "2155"]
[BlackElo "2178"]
[PlyCount "50"]
[EventDate "2011.10.02"]
[EventType "team-tourn"]
[EventRounds "9"]
[EventCountry "GER"]
[SourceTitle "EXT 2013"]
[Source "ChessBase"]
[SourceDate "2012.11.22"]
[SourceVersion "1"]
[SourceVersionDate "2012.11.22"]
[SourceQuality "1"]
[WhiteTeam "Braunschweig Gliesmarode"]
[BlackTeam "Bremer SG"]
[WhiteTeamCountry "GER"]
[BlackTeamCountry "GER"]

1. c4 g6 2. g3 Bg7 3. Bg2 c5 4. e3 Nc6 5. Ne2 e5 6. Nbc3 Nge7 7. b3 0-0 8. Bb2 Rb8 9. 0-0 a6 10. d3 d6 11. Qd2 Bg4 12. h3 Be6 13. Ne4 Nf5 14. Rad1 Qe7 15. Qc1 h6 16. Rd2 Rbc8 17. N4c3 Qd8 18. Nd5 b6 19. Kh2 Kh7 20. Qa1 b5 21. Rfd1 h5 22. cxb5 axb5 23. Nec3 Qa5 24. a4 b4 25. Nb5 Qd8 1/2-1/2

[Event "Oberliga Nord W 0910"]
[Site "Germany"]
[Date "2010.04.11"]
[Round "9.5"]
[White "Juhnke, Karl"]
[Black "Treiber, Burkhard"]
[Result "1-0"]
[WhiteElo "2208"]
[BlackElo "2173"]
[PlyCount "77"]
[EventDate "2009.10.18"]
[EventType "team-tourn"]
[EventRounds "9"]
[EventCountry "GER"]
[SourceTitle "EXT 2011"]
[Source "ChessBase"]
[SourceDate "2010.11.26"]
[SourceVersion "1"]
[SourceVersionDate "2010.11.26"]
[SourceQuality "1"]
[WhiteTeam "Bremer SG"]
[BlackTeam "Hannover Post"]
[WhiteTeamCountry "GER"]
[BlackTeamCountry "GER"]

1. d4 d5 2. c4 dxc4 3. Nf3 Nf6 4. e3 a6 5. Bxc4 b5 6. Bd3 Bb7 7. 0-0 e6 8. Qe2 c5 9. dxc5 Bxc5 10. Bxb5+ axb5 11. Qxb5+ Nbd7 12. Qxb7 0-0 13. Nc3 Rb8 14. Qa6 Qe7 15. Qe2 Rfc8 16. e4 Ng4 17. e5 Nb6 18. Qe4 Nxf2 19. Rxf2 Bxf2+ 20. Kxf2 Nc4 21. b3 Qc5+ 22. Kg3 Nb6 23. Bd2 Qa3 24. Rb1 Nd7 25. h3 Nc5 26. Qc2 Na6 27. Ng5 h6 28. Qh7+ Kf8 29. Qh8+ Ke7 30. Qxg7 hxg5 31. Bxg5+ Kd7 32. Qxf7+ Kc6 33. Qxe6+ Kb7 34. Nb5 Qxa2 35. Nd6+ Ka8 36. Nxc8 Nc5 37. Qd5+ Nb7 38. Rc1 Qb2 39. Be3 1-0

[Event "Oberliga Nord W 0809"]
[Site "Germany"]
[Date "2009.03.15"]
[Round "8.6"]
[White "Lunkmoss, Gerhard"]
[Black "Juhnke, Karl"]
[Result "1-0"]
[WhiteElo "2129"]
[BlackElo "2226"]
[PlyCount "75"]
[EventDate "2008.10.05"]
[EventType "team-tourn"]
[EventRounds "9"]
[EventCountry "GER"]
[SourceTitle "EXT 2010"]
[Source "ChessBase"]
[SourceDate "2010.11.25"]
[SourceVersion "1"]
[SourceVersionDate "2010.11.25"]
[SourceQuality "1"]
[WhiteTeam "Bremen Nord"]
[BlackTeam "Bremer SG"]
[WhiteTeamCountry "GER"]
[BlackTeamCountry "GER"]

1. e4 c5 2. Nf3 d6 3. d4 cxd4 4. Nxd4 Nf6 5. Nc3 a6 6. a4 Nc6 7. Be2 e5 8. Nb3 Be7 9. Bc4 Be6 10. Bd5 Bxd5 11. exd5 Na5 12. Nxa5 Qxa5 13. 0-0 0-0 14. Bg5 Qb4 15. Bxf6 Bxf6 16. Qd3 Bd8 17. Ra3 Qc5 18. Ne4 Qc7 19. c4 f5 20. Nd2 Bg5 21. c5 Qxc5 22. Rc3 Qb4 23. Nc4 Rac8 24. a5 e4 25. Qg3 Rxc4 26. Qxg5 Rxc3 27. bxc3 Qxc3 28. Qe7 Qe5 29. Qxb7 f4 30. Qxa6 Qxd5 31. Qb6 f3 32. a6 Qg5 33. g3 Qg4 34. Kh1 e3 35. Qxe3 Qa4 36. a7 Qa6 37. Rb1 Qa2 38. Qb3+ 1-0

[Event "Oberliga Nord W 0708"]
[Site "Germany"]
[Date "2008.04.20"]
[Round "9.5"]
[White "Juhnke, Karl"]
[Black "Buerckner, Hartmut"]
[Result "1-0"]
[WhiteElo "2227"]
[BlackElo "2221"]
[PlyCount "133"]
[EventDate "2007.10.21"]
[EventType "team-tourn"]
[EventRounds "9"]
[EventCountry "GER"]
[SourceTitle "EXT 2009"]
[Source "ChessBase"]
[SourceDate "2008.11.26"]
[SourceVersion "1"]
[SourceVersionDate "2008.11.26"]
[SourceQuality "1"]
[WhiteTeam "Bremen"]
[BlackTeam "Oldenburg Union"]
[WhiteTeamCountry "GER"]
[BlackTeamCountry "GER"]

1. d4 Nf6 2. c4 g6 3. Nc3 Bg7 4. e4 d6 5. Be2 0-0 6. Nf3 e5 7. 0-0 Nc6 8. d5 Ne7 9. b4 Ne8 10. Nd2 f5 11. c5 a5 12. bxa5 dxc5 13. Nc4 Nd6 14. Be3 Kh8 15. Bxc5 fxe4 16. Nxd6 cxd6 17. Bb6 Qe8 18. Nxe4 Qf7 19. Nxd6 Qxd5 20. Bc4 Qxd1 21. Raxd1 h6 22. Nf7+ Kh7 23. Bc5 Bf6 24. Bb4 Kg7 25. Nxe5 Bxe5 26. Bxe7 Rf4 27. Bb3 Bc7 28. Bd8 Bxa5 29. Bxa5 Rxa5 30. Rc1 Rf8 31. Rc7+ Kf6 32. Rfc1 Ra8 33. h3 h5 34. R1c5 Be6 35. Rxb7 Bxb3 36. axb3 Ra1+ 37. Kh2 Rb1 38. h4 Ke6 39. f3 Kd6 40. Rg5 Kc6 41. Rg7 Rxb3 42. R7xg6+ Kd7 43. Rxh5 Rf7 44. Rhg5 Rb4 45. Kg3 Ke8 46. Rg8+ Ke7 47. R8g7 Kf8 48. Rxf7+ Kxf7 49. h5 Kf6 50. Rg4 Rb5 51. Kh4 Rb1 52. Ra4 Rh1+ 53. Kg4 Rh2 54. g3 Kg7 55. Ra6 Rh1 56. f4 Rg1 57. Kh4 Rh1+ 58. Kg5 Rg1 59. g4 Kg8 60. Ra7 Rg2 61. f5 Rg1 62. h6 Kh8 63. Kh5 Kg8 64. g5 Kf8 65. Ra8+ Kf7 66. h7 Rh1+ 67. Kg4 1-0

[Event "Oberliga Nord W 0607"]
[Site "Germany"]
[Date "2007.04.22"]
[Round "9.6"]
[White "Stotyn, Fabian"]
[Black "Juhnke, Karl"]
[Result "0-1"]
[WhiteElo "2104"]
[BlackElo "2221"]
[PlyCount "78"]
[EventDate "2006.10.15"]
[EventType "team-tourn"]
[EventRounds "9"]
[EventCountry "GER"]
[SourceTitle "EXT 2008"]
[Source "ChessBase"]
[SourceDate "2007.11.25"]
[SourceVersion "1"]
[SourceVersionDate "2007.11.25"]
[SourceQuality "1"]
[WhiteTeam "Nordhorn Blanke"]
[BlackTeam "Bremer SG"]
[WhiteTeamCountry "GER"]
[BlackTeamCountry "GER"]

1. e4 c5 2. Nc3 Nc6 3. f4 g6 4. Nf3 Bg7 5. Bc4 e6 6. 0-0 Nge7 7. Qe1 0-0 8. d3 d5 9. Bb3 Na5 10. Ne2 c4 11. dxc4 dxc4 12. Ba4 b5 13. Bxb5 Qb6+ 14. Kh1 Qxb5 15. Qh4 f6 16. Ned4 Qh5 17. Qf2 Nac6 18. g4 Qc5 19. Be3 Nxd4 20. Nxd4 Qc7 21. f5 e5 22. Nb5 Qc6 23. Nc3 gxf5 24. Bc5 Rf7 25. Bxe7 Rxe7 26. gxf5 Bb7 27. Rg1 Rd8 28. Rg4 Qb6 29. Qg3 Qxb2 30. Rg1 Rdd7 31. Nd5 Bxd5 32. exd5 Qb7 33. h4 Rxd5 34. Kh2 Rd2+ 35. Kh3 Rxc2 36. h5 h6 37. Qe3 Rd7 38. Qxh6 Qf3+ 39. R4g3 Qxf5+ 0-1

[Event "Oberliga Nord W 0607"]
[Site "Germany"]
[Date "2006.12.10"]
[Round "4.8"]
[White "Juhnke, Karl"]
[Black "Meyer, Juergen1111"]
[Result "0-1"]
[WhiteElo "2221"]
[BlackElo "1856"]
[PlyCount "75"]
[EventDate "2006.10.15"]
[EventType "team-tourn"]
[EventRounds "9"]
[EventCountry "GER"]
[SourceTitle "EXT 2008"]
[Source "ChessBase"]
[SourceDate "2007.11.25"]
[SourceVersion "1"]
[SourceVersionDate "2007.11.25"]
[SourceQuality "1"]
[WhiteTeam "Bremer SG"]
[BlackTeam "Hannover SF"]
[WhiteTeamCountry "GER"]
[BlackTeamCountry "GER"]

1. d4 Nf6 2. c4 e6 3. Nc3 Bb4 4. e3 c5 5. Bd3 b6 6. Nf3 Nc6 7. 0-0 Bxc3 8. bxc3 d6 9. Nd2 0-0 10. f4 e5 11. Qf3 Bd7 12. d5 Ne7 13. fxe5 dxe5 14. Qg3 Ng6 15. Bxg6 fxg6 16. e4 Qe7 17. Qe1 Nh5 18. Nf3 Nf4 19. Be3 g5 20. Bxf4 Rxf4 21. g3 Rf6 22. Kg2 Raf8 23. Qe3 Bh3+ 24. Kxh3 g4+ 25. Kg2 gxf3+ 26. Kf2 Qd7 27. Kg1 Qg4 28. Rf2 h5 29. Kh1 h4 30. Rg1 Rg6 31. Qd3 Qh5 32. g4 Rxg4 33. Rxg4 Qxg4 34. d6 h3 35. d7 Rd8 36. Qxf3 Qxd7 37. Qf5 Qxf5 38. Rxf5 0-1

[Event "BL2-Nord 0506"]
[Site "Germany"]
[Date "2006.03.12"]
[Round "8.5"]
[White "Juhnke, Karl"]
[Black "Muse, Drazen"]
[Result "1/2-1/2"]
[WhiteElo "2215"]
[BlackElo "2398"]
[PlyCount "92"]
[EventDate "2005.10.23"]
[EventType "team-tourn"]
[EventRounds "9"]
[EventCountry "GER"]
[SourceTitle "EXT 2007"]
[Source "ChessBase"]
[SourceDate "2006.11.23"]
[SourceVersion "1"]
[SourceVersionDate "2006.11.23"]
[SourceQuality "1"]
[WhiteTeam "Bremer SG"]
[BlackTeam "Koenig Tegel"]
[WhiteTeamCountry "GER"]
[BlackTeamCountry "GER"]

1. d4 d6 2. c4 g6 3. e4 Bg7 4. Nc3 e5 5. d5 a5 6. Bd3 Na6 7. Nf3 Nf6 8. h3 Nh5 9. g3 0-0 10. Nh4 Qe8 11. g4 Nf4 12. Qf3 Qe7 13. Ng2 Nxd3+ 14. Qxd3 f5 15. f3 Nc5 16. Qe2 f4 17. Bd2 Bd7 18. 0-0 h5 19. Rf2 Bf6 20. Ne1 Bh4 21. Rh2 Bg3 22. Rh1 Qh4 23. Ng2 Qf6 24. Be1 Rf7 25. Bxg3 fxg3 26. Rf1 Raf8 27. Ne3 Rh7 28. Kg2 Qf4 29. b3 Rff7 30. h4 hxg4 31. fxg4 Qh6 32. g5 Qf8 33. Kxg3 Rf4 34. Ng2 Bg4 35. Nxf4 Bxe2 36. Nfxe2 Rf7 37. Rxf7 Qxf7 38. Rd1 Qh7 39. Rf1 Qh5 40. Rf3 Kg7 41. Ng1 Qh8 42. Nh3 Qa8 43. Nf2 Qa7 44. Kg2 Nd7 45. Ng4 Qd4 46. Nh6 Qd2+ 1/2-1/2

[Event "BL2-Nord 0506"]
[Site "Germany"]
[Date "2005.12.11"]
[Round "4.8"]
[White "Lichmann, Peter"]
[Black "Juhnke, Karl"]
[Result "1/2-1/2"]
[WhiteElo "2247"]
[BlackElo "2215"]
[PlyCount "76"]
[EventDate "2005.10.23"]
[EventType "team-tourn"]
[EventRounds "9"]
[EventCountry "GER"]
[SourceTitle "EXT 2007"]
[Source "ChessBase"]
[SourceDate "2006.11.23"]
[SourceVersion "1"]
[SourceVersionDate "2006.11.23"]
[SourceQuality "1"]
[WhiteTeam "Werder Bremen II"]
[BlackTeam "Bremer SG"]
[WhiteTeamCountry "GER"]
[BlackTeamCountry "GER"]

1. e4 c5 2. Nf3 d6 3. d4 cxd4 4. Nxd4 Nf6 5. Nc3 a6 6. Bc4 e6 7. Bb3 b5 8. 0-0 Be7 9. f4 Bb7 10. e5 dxe5 11. fxe5 Bc5 12. Be3 Nc6 13. exf6 Bxd4 14. Bxd4 Qxd4+ 15. Qxd4 Nxd4 16. Rad1 Nxb3 17. axb3 gxf6 18. Rxf6 Rg8 19. g3 Ke7 20. Rf4 Rad8 21. Kf2 Rxd1 22. Nxd1 e5 23. Rh4 Rg7 24. Ke3 Bc8 25. Rh5 f6 26. Nf2 Kf7 27. Rh4 Kg6 28. Rb4 Bd7 29. Kd2 a5 30. Re4 Bf5 31. Re2 h5 32. Ke3 Ra7 33. Ne4 a4 34. bxa4 bxa4 35. Nc3 a3 36. bxa3 Rxa3 37. Kd2 Kg5 38. Re1 h4 1/2-1/2

[Event "Oberliga Nord W 0405"]
[Site "Germany"]
[Date "2005.04.10"]
[Round "9.5"]
[White "Juhnke, Karl"]
[Black "Lunkmoss, Gerhard"]
[Result "0-1"]
[WhiteElo "2238"]
[BlackElo "2130"]
[PlyCount "48"]
[EventDate "2004.10.24"]
[EventType "team-tourn"]
[EventRounds "9"]
[EventCountry "GER"]
[SourceTitle "EXT 2006"]
[Source "ChessBase"]
[SourceDate "2005.11.24"]
[SourceVersion "1"]
[SourceVersionDate "2005.11.24"]
[SourceQuality "1"]
[WhiteTeam "Bremer SG"]
[BlackTeam "Bremen Nord"]
[WhiteTeamCountry "GER"]
[BlackTeamCountry "GER"]

1. d4 d5 2. c4 e6 3. Nc3 Nf6 4. Bg5 Be7 5. e3 Nbd7 6. Nf3 0-0 7. Rc1 b6 8. Ne5 Bb7 9. Nxd7 Qxd7 10. cxd5 exd5 11. Be2 c5 12. dxc5 bxc5 13. Bxf6 Bxf6 14. Ne4 Bxb2 15. Nxc5 Qe7 16. Rc2 Ba3 17. Nxb7 Bb4+ 18. Kf1 Qxb7 19. Rb2 Qe7 20. g3 Rac8 21. Qxd5 Rfd8 22. Qf3 Ba3 23. Rb7 Qe6 24. Rxa7 Qh3+ 0-1

[Event "Oberliga Nord W 0405"]
[Site "Germany"]
[Date "2005.01.16"]
[Round "5.5"]
[White "Hoellmann, Ludger"]
[Black "Juhnke, Karl"]
[Result "1-0"]
[WhiteElo "2255"]
[BlackElo "2238"]
[PlyCount "59"]
[EventDate "2004.10.24"]
[EventType "team-tourn"]
[EventRounds "9"]
[EventCountry "GER"]
[SourceTitle "EXT 2006"]
[Source "ChessBase"]
[SourceDate "2005.11.24"]
[SourceVersion "1"]
[SourceVersionDate "2005.11.24"]
[SourceQuality "1"]
[WhiteTeam "Nordhorn Blanke"]
[BlackTeam "Bremer SG"]
[WhiteTeamCountry "GER"]
[BlackTeamCountry "GER"]

1. c4 g6 2. g3 Bg7 3. Bg2 c5 4. Nc3 Nc6 5. a3 e6 6. b4 Nxb4 7. axb4 cxb4 8. d4 bxc3 9. e3 Ne7 10. Ne2 d5 11. cxd5 Nxd5 12. Ba3 Bf8 13. Bxf8 Kxf8 14. Qb3 Kg7 15. 0-0 Re8 16. Rfe1 a6 17. e4 Nf6 18. Nxc3 Qxd4 19. Red1 Qa7 20. Nb5 Qb6 21. Rd6 Qc5 22. Rd2 Qe5 23. Ra3 Rb8 24. Nd6 Rd8 25. Nxf7 Kxf7 26. Rxd8 Nd7 27. Qc3 Qxc3 28. Rxc3 Nb6 29. Rc7+ Kf6 30. f4 1-0

[Event "Oberliga Nord W 0405"]
[Site "Germany"]
[Date "2004.11.28"]
[Round "3.5"]
[White "Rust, Stephan"]
[Black "Juhnke, Karl"]
[Result "1/2-1/2"]
[WhiteElo "2202"]
[BlackElo "2238"]
[PlyCount "127"]
[EventDate "2004.10.24"]
[EventType "team-tourn"]
[EventRounds "9"]
[EventCountry "GER"]
[SourceTitle "EXT 2006"]
[Source "ChessBase"]
[SourceDate "2005.11.24"]
[SourceVersion "1"]
[SourceVersionDate "2005.11.24"]
[SourceQuality "1"]
[WhiteTeam "Hameln"]
[BlackTeam "Bremer SG"]
[WhiteTeamCountry "GER"]
[BlackTeamCountry "GER"]

1. Nf3 Nf6 2. d4 g6 3. Bf4 d6 4. h3 Bg7 5. e3 0-0 6. Be2 b6 7. 0-0 Bb7 8. c4 e6 9. Nc3 Nbd7 10. Rc1 Re8 11. Qc2 h6 12. Rfd1 Nh5 13. Bh2 e5 14. dxe5 Nxe5 15. Nxe5 Bxe5 16. Bxh5 Bxh2+ 17. Kxh2 gxh5 18. Nd5 c6 19. Nf4 Re5 20. Qd3 d5 21. cxd5 cxd5 22. Qc3 Qe7 23. Qc7 Re8 24. Qxe7 R8xe7 25. Rd4 Rd7 26. Rcd1 Rc7 27. R1d2 h4 28. Nd3 Re4 29. Ne1 Rc4 30. Nf3 a5 31. b3 Rexd4 32. Nxd4 Rc5 33. Nf5 Kh7 34. Nxh4 Bc8 35. Nf3 Bf5 36. Nd4 Bg6 37. Kg3 Kg7 38. Kf4 Kf6 39. Nf3 b5 40. Ne5 Ke6 41. Nxg6 fxg6 42. e4 dxe4 43. Kxe4 Rc3 44. Rd5 Rc2 45. Rxb5 Rxa2 46. Ke3 a4 47. bxa4 Rxa4 48. g3 Kf6 49. Rb3 Kf5 50. f4 h5 51. Kf3 Rc4 52. g4+ hxg4+ 53. hxg4+ Kf6 54. Rb6+ Kf7 55. Kg3 Ra4 56. Kh4 Rxf4 57. Kg5 Ra4 58. Rf6+ Kg7 59. Rxg6+ Kh7 60. Rf6 Kg7 61. Rg6+ Kh7 62. Rb6 Ra5+ 63. Kh4 Kg7 64. Rc6 1/2-1/2

[Event "Oberliga Nord W 0405"]
[Site "Germany"]
[Date "2004.11.14"]
[Round "2.4"]
[White "Gabriel, Uwe"]
[Black "Juhnke, Karl"]
[Result "1/2-1/2"]
[WhiteElo "2112"]
[BlackElo "2238"]
[PlyCount "114"]
[EventDate "2004.10.24"]
[EventType "team-tourn"]
[EventRounds "9"]
[EventCountry "GER"]
[SourceTitle "EXT 2006"]
[Source "ChessBase"]
[SourceDate "2005.11.24"]
[SourceVersion "1"]
[SourceVersionDate "2005.11.24"]
[SourceQuality "1"]
[WhiteTeam "Hannover"]
[BlackTeam "Bremer SG"]
[WhiteTeamCountry "GER"]
[BlackTeamCountry "GER"]

1. d4 Nf6 2. c4 g6 3. Nc3 Bg7 4. e4 d6 5. f3 0-0 6. Be3 Nc6 7. Nge2 a6 8. Nc1 e5 9. Nb3 Re8 10. d5 Nd4 11. Be2 Nxe2 12. Qxe2 c5 13. dxc6 bxc6 14. Rd1 Be6 15. Nc5 Qc7 16. Nxe6 fxe6 17. 0-0 Red8 18. Qf2 Qb7 19. Rd3 d5 20. exd5 exd5 21. cxd5 cxd5 22. Bg5 d4 23. Rfd1 Rf8 24. Bxf6 Rxf6 25. Ne4 Rb6 26. b3 Rc8 27. R3d2 Rbc6 28. Qh4 Qb4 29. h3 Qf8 30. Re2 h6 31. Qe1 Qa3 32. Nd2 Qxa2 33. Nc4 Qxb3 34. Nxe5 Qxd1 35. Qxd1 Rc1 36. Qxc1 Rxc1+ 37. Kf2 Kh7 38. f4 Rc5 39. Nf3 Rc3 40. Ne5 d3 41. Re4 Rc2+ 42. Kf3 d2 43. Rd4 a5 44. Ke2 d1Q+ 45. Kxd1 Rxg2 46. Ra4 Rh2 47. Ra3 g5 48. Ng4 Rh1+ 49. Ke2 gxf4 50. Rxa5 Rxh3 51. Rf5 h5 52. Nf2 Rh4 53. Nd3 Bh6 54. Ne5 Rh2+ 55. Kf3 Rh3+ 56. Kf2 Kg7 57. Nf7 Kg6 1/2-1/2

[Event "Oberliga Nord W 0304"]
[Site "Germany"]
[Date "2004.04.25"]
[Round "9.4"]
[White "Juhnke, Karl"]
[Black "Titzhoff, Frank"]
[Result "1-0"]
[WhiteElo "2254"]
[BlackElo "2100"]
[PlyCount "91"]
[EventDate "2003.10.12"]
[EventType "team-tourn"]
[EventRounds "9"]
[EventCountry "GER"]
[SourceTitle "EXT 2005"]
[Source "ChessBase"]
[SourceDate "2004.11.15"]
[SourceVersion "1"]
[SourceVersionDate "2004.11.15"]
[SourceQuality "1"]
[WhiteTeam "Bremer SG II"]
[BlackTeam "Hannover SF"]
[WhiteTeamCountry "GER"]
[BlackTeamCountry "GER"]

1. d4 Nf6 2. c4 e6 3. Nc3 c5 4. d5 exd5 5. cxd5 d6 6. e4 g6 7. Nf3 Bg7 8. Nd2 0-0 9. Be2 b6 10. 0-0 Ba6 11. Bxa6 Nxa6 12. f3 Nh5 13. Nc4 Nc7 14. a4 f5 15. e5 Qh4 16. f4 dxe5 17. Nxe5 Bxe5 18. fxe5 Qd4+ 19. Qxd4 cxd4 20. Nb5 Nxd5 21. Nxd4 Rac8 22. a5 Rc4 23. Nb5 Rc5 24. Nd6 Ng7 25. axb6 axb6 26. Bh6 Nc7 27. Rfc1 Nce6 28. Rxc5 bxc5 29. Bd2 Rb8 30. Bc3 Nd4 31. Kf2 Nge6 32. Ra7 Nc6 33. Ra6 Ncd4 34. Nc4 Ng5 35. Ke3 Nge6 36. g3 Rc8 37. Nd6 Rb8 38. Kd3 Rd8 39. Kc4 Rb8 40. b4 Nc7 41. Ra5 cxb4 42. Bxd4 b3 43. Bb2 Ne6 44. Ra7 f4 45. gxf4 Nxf4 46. Ne4 1-0